[Event "World Team Chess Championship"]
[Site "Khanty-Mansiysk, RUS."]
[Date "2017.06.26"]
[Round "9.16"]
[White "Sasikiran Krishnan (IND)"]
[Black "Hauge Lars Oskar (NOR)"]
[Result "1/2-1/2"]
[BlackElo "2448"]
[WhiteElo "2669"]
[LiveChessVersion "1.4.8"]

1. Nf3 {[%clk 1:30:57]} Nf6 {[%clk 1:30:47]} 2. g3 {[%clk 1:31:12]} g6
{[%clk 1:31:09]} 3. Bg2 {[%clk 1:31:24]} Bg7 {[%clk 1:31:35]} 4. O-O
{[%clk 1:31:36]} O-O {[%clk 1:31:22]} 5. d4 {[%clk 1:31:57]} d5 {[%clk 1:31:15]}
6. c4 {[%clk 1:32:02]} c6 {[%clk 1:31:41]} 7. cxd5 {[%clk 1:25:53]} cxd5
{[%clk 1:32:05]} 8. Ne5 {[%clk 1:26:11]} Ng4 {[%clk 1:32:09]} 9. Nf3
{[%clk 1:20:20]} Nf6 {[%clk 1:32:12]} 10. Nc3 {[%clk 1:20:28]} Ne4
{[%clk 1:32:37]} 11. Ne5 {[%clk 1:15:40]} Nxc3 {[%clk 1:31:43]} 12. bxc3
{[%clk 1:13:53]} Nc6 {[%clk 1:31:17]} 13. Nxc6 {[%clk 1:07:21]} bxc6
{[%clk 1:31:32]} 14. Qa4 {[%clk 1:07:47]} Be6 {[%clk 0:59:22]} 15. Rb1
{[%clk 1:00:23]} Qc8 {[%clk 0:55:14]} 16. Bf4 {[%clk 0:57:50]} Re8
{[%clk 0:54:38]} 17. c4 {[%clk 0:56:20]} Bf5 {[%clk 0:48:53]} 18. cxd5
{[%clk 0:49:28]} Bxb1 {[%clk 0:47:56]} 19. Rxb1 {[%clk 0:49:52]} c5
{[%clk 0:47:45]} 20. dxc5 {[%clk 0:45:42]} Qxc5 {[%clk 0:47:00]} 21. d6
{[%clk 0:44:45]} exd6 {[%clk 0:43:51]} 22. Bxa8 {[%clk 0:43:07]} Rxa8
{[%clk 0:44:03]} 23. Rc1 {[%clk 0:39:10]} Qb6 {[%clk 0:42:47]} 24. Qc6
{[%clk 0:24:24]} Qxc6 {[%clk 0:42:09]} 25. Rxc6 {[%clk 0:24:40]} d5
{[%clk 0:42:29]} 26. Ra6 {[%clk 0:24:07]} Kf8 {[%clk 0:39:23]} 27. Kf1
{[%clk 0:21:40]} Ke7 {[%clk 0:38:58]} 28. Bd6+ {[%clk 0:21:06]} Ke8
{[%clk 0:39:06]} 29. a4 {[%clk 0:14:56]} Bf8 {[%clk 0:37:08]} 30. Bxf8
{[%clk 0:14:33]} Kxf8 {[%clk 0:37:24]} 31. Rd6 {[%clk 0:14:54]} Rb8
{[%clk 0:35:39]} 32. Rxd5 {[%clk 0:15:01]} Rb7 {[%clk 0:36:04]} 33. Ra5
{[%clk 0:14:39]} h5 {[%clk 0:36:28]} 34. Ra6 {[%clk 0:13:00]} Kg7
{[%clk 0:35:33]} 35. h3 {[%clk 0:11:34]} Kh6 {[%clk 0:35:21]} 36. f4
{[%clk 0:10:49]} Kg7 {[%clk 0:35:45]} 37. Kf2 {[%clk 0:11:07]} Rc7
{[%clk 0:35:55]} 38. g4 {[%clk 0:10:59]} hxg4 {[%clk 0:36:19]} 39. hxg4
{[%clk 0:11:26]} Rb7 {[%clk 0:35:43]} 40. Kf3 {[%clk 0:41:19]} Rc7
{[%clk 1:05:17]} 41. g5 {[%clk 0:35:44]} Rb7 {[%clk 1:05:17]} 42. e4
{[%clk 0:32:46]} Rc7 {[%clk 1:04:50]} 43. Kg4 {[%clk 0:32:07]} Re7
{[%clk 1:04:59]} 44. a5 {[%clk 0:32:02]} Rxe4 {[%clk 0:59:31]} 45. Rxa7
{[%clk 0:32:25]} Re3 {[%clk 0:56:01]} 46. Rc7 {[%clk 0:32:32]} Ra3
{[%clk 0:56:14]} 47. Rc5 {[%clk 0:32:49]} Kh7 {[%clk 0:56:37]} 48. Rc7
{[%clk 0:24:49]} Kg7 {[%clk 0:56:25]} 49. Ra7 {[%clk 0:24:59]} Kg8
{[%clk 0:56:03]} 50. a6 {[%clk 0:23:54]} Kg7 {[%clk 0:56:20]} 51. Ra8
{[%clk 0:24:15]} Kh7 {[%clk 0:56:15]} 52. Rf8 {[%clk 0:22:19]} Kg7
{[%clk 0:56:30]} 53. Ra8 {[%clk 0:22:45]} Kh7 {[%clk 0:56:56]} 54. a7
{[%clk 0:22:54]} Kg7 {[%clk 0:57:17]} 55. Kh4 {[%clk 0:22:20]} Kh7
{[%clk 0:57:25]} 56. Kg4 {[%clk 0:22:43]} Kg7 {[%clk 0:57:51]} 57. Kh4
{[%clk 0:23:01]} 1/2-1/2

[Event "World Team Chess Championship"]
[Site "Khanty-Mansiysk, RUS."]
[Date "2017.06.26"]
[Round "9.20"]
[White "Li Chao B (CHN)"]
[Black "Bartel Mateusz (POL)"]
[Result "1-0"]
[BlackElo "2637"]
[WhiteElo "2720"]
[LiveChessVersion "1.4.8"]

1. d4 {[%clk 1:30:54]} d5 {[%clk 1:30:53]} 2. c4 {[%clk 1:31:03]} c6
{[%clk 1:31:17]} 3. Nf3 {[%clk 1:31:28]} Nf6 {[%clk 1:31:42]} 4. Nc3
{[%clk 1:31:51]} dxc4 {[%clk 1:32:06]} 5. a4 {[%clk 1:32:14]} e6 {[%clk 1:32:31]}
6. e3 {[%clk 1:31:56]} c5 {[%clk 1:32:54]} 7. Bxc4 {[%clk 1:32:19]} Nc6
{[%clk 1:33:18]} 8. O-O {[%clk 1:32:36]} cxd4 {[%clk 1:33:41]} 9. Nxd4
{[%clk 1:32:58]} Bd7 {[%clk 1:29:48]} 10. e4 {[%clk 1:32:25]} Nxd4
{[%clk 1:23:19]} 11. Qxd4 {[%clk 1:32:49]} Bc6 {[%clk 1:23:45]} 12. Qe3
{[%clk 1:33:11]} Be7 {[%clk 1:06:12]} 13. e5 {[%clk 1:27:37]} Nd7
{[%clk 0:56:51]} 14. Qg3 {[%clk 1:27:23]} g6 {[%clk 0:49:48]} 15. Re1
{[%clk 1:21:00]} O-O {[%clk 0:47:01]} 16. Bh6 {[%clk 1:19:07]} Re8
{[%clk 0:47:30]} 17. Rad1 {[%clk 1:19:24]} Qc7 {[%clk 0:46:21]} 18. h4
{[%clk 1:08:42]} Rad8 {[%clk 0:43:35]} 19. Rc1 {[%clk 1:03:46]} Qb6
{[%clk 0:37:07]} 20. h5 {[%clk 1:04:01]} Nf8 {[%clk 0:37:22]} 21. b3
{[%clk 1:04:18]} a6 {[%clk 0:31:53]} 22. Ne2 {[%clk 0:55:42]} Bd5
{[%clk 0:26:27]} 23. Bxd5 {[%clk 0:54:48]} Rxd5 {[%clk 0:26:20]} 24. Nc3
{[%clk 0:55:05]} Rd7 {[%clk 0:25:59]} 25. Ne4 {[%clk 0:54:02]} Qd8
{[%clk 0:26:27]} 26. Qf3 {[%clk 0:32:50]} Rd3 {[%clk 0:23:32]} 27. Re3
{[%clk 0:32:16]} Rd4 {[%clk 0:14:26]} 28. Qf4 {[%clk 0:25:05]} g5
{[%clk 0:09:51]} 29. Qg3 {[%clk 0:24:23]} Rd1+ {[%clk 0:07:57]} 30. Re1
{[%clk 0:24:40]} Rd3 {[%clk 0:08:22]} 31. f3 {[%clk 0:20:49]} f6 {[%clk 0:04:58]}
32. exf6 {[%clk 0:20:56]} Bxf6 {[%clk 0:05:21]} 33. Bxg5 {[%clk 0:10:32]} Bxg5
{[%clk 0:05:09]} 34. Nxg5 {[%clk 0:10:57]} Qd4+ {[%clk 0:05:34]} 35. Kh2
{[%clk 0:11:17]} Qg7 {[%clk 0:06:00]} 36. Rc7 {[%clk 0:11:35]} Rd7
{[%clk 0:06:15]} 37. Rxd7 {[%clk 0:11:42]} Nxd7 {[%clk 0:06:37]} 38. Rxe6
{[%clk 0:11:28]} 1-0